| 000 | 00683nam a2200205Ia 4500 | ||
|---|---|---|---|
| 003 | GCL | ||
| 008 | 140319s9999 xx 000 0 ara d | ||
| 020 | _a3746015977 | ||
| 040 |
_aGCL / _cGCL |
||
| 082 | 0 | 4 |
_a338.18 _bا س |
| 100 | 1 | _aاحمد ابو اليزيد | |
| 245 | 1 | 0 |
_aالسياسات الاقتصادية الزراعية رؤى معاصرة / _cاحمد ابو اليزيد |
| 250 | _aالاولى | ||
| 260 |
_aالقاهرة : _bمكتبة بستان المعرفة ، _c2004 |
||
| 300 |
_a641ص ؛ _c25 سم |
||
| 650 | 0 | 4 | _aالتخطيط الاقتصادى |
| 650 | 0 | 4 | _aتلوث البيئة |
| 650 | 0 | 4 | _aالسياسة الزراعية |
| 942 |
_2ddc _cBK |
||
| 999 |
_c6276 _d6276 |
||